[Event "Seebach op 15th"]
[Site "Grossenseebach"]
[Date "2004.06.17"]
[Round "5"]
[White "Stecher, Bernd"]
[Black "Wurdig, Georg"]
[Result "1/2-1/2"]
[WhiteElo "1493"]
[BlackElo "1625"]
[PlyCount "31"]
[EventDate "2004.06.17"]
[EventType "swiss"]
[EventRounds "7"]
[EventCountry "GER"]
[SourceTitle "EXT 2018"]
[Source "ChessBase"]
[SourceDate "2017.10.13"]
[SourceVersion "1"]
[SourceVersionDate "2017.10.13"]
[SourceQuality "1"]

1. d4 Nf6 2. c4 e6 3. e3 b6 4. Be2 Bb7 5. Bf3 d5 6. Nc3 Bb4 7. Bd2 0-0 8. Nge2 c5 9. 0-0 cxd4 10. exd4 Qd7 11. cxd5 exd5 12. a3 Bxc3 13. Bxc3 Ne4 14. Re1 Qf5 15. Ng3 Nxg3 16. fxg3 1/2-1/2

[Event "Mittelfranken-ch QT 53rd"]
[Site "Lauf"]
[Date "2004.04.10"]
[Round "7"]
[White "Stecher, Bernd"]
[Black "Dreiseitel, Werner"]
[Result "0-1"]
[WhiteElo "1438"]
[BlackElo "1238"]
[PlyCount "64"]
[EventDate "2004.04.07"]
[EventType "swiss"]
[EventRounds "7"]
[EventCountry "GER"]
[SourceTitle "EXT 2015"]
[Source "ChessBase"]
[SourceDate "2014.11.20"]
[SourceVersion "1"]
[SourceVersionDate "2014.11.20"]
[SourceQuality "1"]

1. d4 d5 2. Nf3 Nf6 3. e3 c6 4. h3 e6 5. c4 dxc4 6. Bxc4 b5 7. Bd3 a6 8. Qc2 Bb7 9. e4 h6 10. 0-0 Nbd7 11. e5 Nd5 12. Bd2 c5 13. dxc5 Nxc5 14. Be4 Rc8 15. Bxd5 Bxd5 16. Qd1 Ne4 17. Nc3 Nxd2 18. Nxd5 Nxf3+ 19. Qxf3 Qxd5 20. Qe2 Be7 21. Rfd1 Qb7 22. Rd3 0-0 23. Rad1 Rc7 24. Rg3 Rfc8 25. Rd2 Bg5 26. Rd4 Rc4 27. Rdd3 Rc1+ 28. Kh2 Bf4 29. Qg4 Bxg3+ 30. Rxg3 g6 31. f4 Qb6 32. f5 Qg1# 0-1

[Event "Mittelfranken-ch QT 53rd"]
[Site "Lauf"]
[Date "2004.04.08"]
[Round "3"]
[White "Stecher, Bernd"]
[Black "Grasser, Stefan"]
[Result "0-1"]
[WhiteElo "1438"]
[BlackElo "1701"]
[PlyCount "102"]
[EventDate "2004.04.07"]
[EventType "swiss"]
[EventRounds "7"]
[EventCountry "GER"]
[SourceTitle "EXT 2015"]
[Source "ChessBase"]
[SourceDate "2014.11.20"]
[SourceVersion "1"]
[SourceVersionDate "2014.11.20"]
[SourceQuality "1"]

1. d4 f5 2. c4 Nf6 3. Nf3 g6 4. Nc3 Bg7 5. e3 0-0 6. Be2 d6 7. d5 Qe8 8. Nd2 e5 9. 0-0 Nbd7 10. b4 g5 11. Nb5 Qd8 12. Bb2 a6 13. Na3 Qe8 14. Qc2 e4 15. Nb3 Ne5 16. Bxe5 Qxe5 17. Rae1 g4 18. g3 h5 19. Kg2 Nh7 20. Rh1 Ng5 21. Nd4 Nf3 22. Rd1 h4 23. Bxf3 gxf3+ 24. Kf1 Qe7 25. Ke1 Be5 26. Kd2 Bxd4 27. exd4 h3 28. Rhf1 Bd7 29. Rde1 Rae8 30. Kc3 c5 31. dxc5 dxc5 32. b5 Qe5+ 33. Kb3 axb5 34. cxb5 Qxd5+ 35. Qc4 Be6 36. Qxd5 Bxd5+ 37. Kb2 b6 38. Rd1 Rd8 39. Rfe1 Be6 40. Nb1 Bc4 41. Nc3 Rd4 42. a4 Rfd8 43. Rxd4 cxd4 44. Nd1 Ra8 45. Ka3 Bxb5 46. Nb2 Be2 47. Rc1 e3 48. Nd1 Bxd1 49. Rxd1 e2 50. Rb1 d3 51. Kb3 Rc8 0-1

[Event "Mittelfranken-ch QT 50th"]
[Site "Buechenbach"]
[Date "2001.??.??"]
[Round "2"]
[White "Stecher, Bernd"]
[Black "Reuschl, Stefan"]
[Result "0-1"]
[WhiteElo "1464"]
[BlackElo "1526"]
[PlyCount "62"]
[EventDate "2001.04.11"]
[EventType "swiss"]
[EventRounds "7"]
[EventCountry "GER"]
[SourceTitle "EXT 2015"]
[Source "ChessBase"]
[SourceDate "2014.11.20"]
[SourceVersion "1"]
[SourceVersionDate "2014.11.20"]
[SourceQuality "1"]

1. c4 e5 2. Nc3 Nf6 3. Nf3 e4 4. Nd4 Bc5 5. e3 Nc6 6. Nf5 0-0 7. Ng3 Re8 8. a3 d5 9. d4 exd3 10. cxd5 Nxd5 11. Bxd3 Nxc3 12. bxc3 Ne5 13. Ke2 Qf6 14. Ne4 Bg4+ 15. Kf1 Qc6 16. f3 Bf5 17. Qc2 Nxd3 18. Qxd3 Rad8 19. Qc2 Bxe4 20. fxe4 Rxe4 21. Qe2 Qf6+ 22. Qf2 Rd1+ 23. Ke2 Qxf2+ 24. Kxf2 Rxh1 25. Bb2 Rxa1 26. Bxa1 Rxe3 27. Kf1 f5 28. g3 g5 29. Bb2 f4 30. g4 f3 31. Bc1 Rd3 0-1

[Event "Mittelfranken-ch QT 50th"]
[Site "Buechenbach"]
[Date "2001.??.??"]
[Round "5"]
[White "Wissmeier, Thomas"]
[Black "Stecher, Bernd"]
[Result "1-0"]
[WhiteElo "1313"]
[BlackElo "1464"]
[PlyCount "148"]
[EventDate "2001.04.11"]
[EventType "swiss"]
[EventRounds "7"]
[EventCountry "GER"]
[SourceTitle "EXT 2015"]
[Source "ChessBase"]
[SourceDate "2014.11.20"]
[SourceVersion "1"]
[SourceVersionDate "2014.11.20"]
[SourceQuality "1"]

1. e4 c5 2. d3 Nc6 3. Be3 e5 4. Nc3 Nf6 5. Be2 Be7 6. Qd2 d6 7. h3 Be6 8. a3 a6 9. Nf3 Qb6 10. Rb1 Rd8 11. Ng5 Bd7 12. f4 h6 13. Nf3 exf4 14. Bxf4 Be6 15. Be3 Qc7 16. h4 d5 17. exd5 Nxd5 18. Nxd5 Bxd5 19. Bf4 Qd7 20. g3 Nd4 21. Ne5 Qc8 22. Rf1 Nxe2 23. Qxe2 0-0 24. Qh5 Bf6 25. Ng4 Qe6+ 26. Kd2 Qc6 27. Rbe1 Bf3 28. Nxf6+ Qxf6 29. Rxf3 Qxb2 30. Re7 c4 31. Qf5 cxd3 32. Rxd3 Rxd3+ 33. Qxd3 Qb6 34. Ke2 Qc6 35. Qe4 Qb5+ 36. Kf3 Qf1+ 37. Ke3 Qe1+ 38. Kd4 Rd8+ 39. Kc5 Qa5+ 40. Kc4 Qb5+ 41. Kc3 Rc8+ 42. Kd2 Rd8+ 43. Kc1 Qf1+ 44. Qe1 Qb5 45. Re3 Qc6 46. Be5 Qb5 47. Bb2 Qc6 48. g4 Kh7 49. Qc3 Qxc3 50. Bxc3 Rd7 51. Kb2 f6 52. Rd3 Rf7 53. Kb3 Kg6 54. Rf3 Re7 55. Bd2 Re4 56. Rf4 Re6 57. Rb4 b5 58. Rd4 h5 59. Kb4 hxg4 60. Rxg4+ Kf7 61. h5 Re2 62. Rd4 Re6 63. Rd7+ Kg8 64. Rd5 Rc6 65. c3 Re6 66. Kc5 Re4 67. Rd4 Re5+ 68. Rd5 Re4 69. Kb6 Ra4 70. Bc1 Rc4 71. Bb2 Ra4 72. Rd4 Rc4 73. Kxa6 Ra4+ 74. Kxb5 Rxd4 1-0